[Event "Memorial Romana Baka OPEN FIDE"]
[Site "Starochorzowski Dom Kultury"]
[Date "2013.10.04"]
[Round "9.1"]
[White "Stachanczyk, Jacek"]
[Black "Zylka, Stanislaw"]
[Result "1-0"]
[WhiteElo "2227"]
[BlackElo "1712"]
[PlyCount "105"]
[EventDate "2013.??.??"]

1. c4 c5 2. b3 Nc6 3. Bb2 Nf6 4. Nf3 e6 5. g3 Be7 6. Bg2 O-O 7. O-O Qc7 8. Nc3
a6 9. d4 d6 10. d5 exd5 11. Nxd5 Nxd5 12. Qxd5 Be6 13. Qh5 Rab8 14. Rfd1 b5 15.
Ng5 Bxg5 16. Qxg5 f6 17. Qe3 Bf7 18. cxb5 Rxb5 19. Qd2 Rd8 20. Rac1 d5 21. e3
Qb6 22. Ba1 Ne5 23. f4 Nc6 24. Bf1 c4 25. Qf2 Ra5 26. bxc4 dxc4 27. Rxd8+ Qxd8
28. Bc3 Rb5 29. Qc2 Qb6 30. Qe4 Kf8 31. Rd1 f5 32. Qf3 Bh5 33. Qxh5 Qxe3+ 34.
Kg2 Qxc3 35. Rd7 Rb2+ 36. Kh3 Qf6 37. Bxc4 Qg6 38. Rf7+ Ke8 39. Qxf5 Qxf5+ 40.
Rxf5 Nd4 41. Re5+ Kf8 42. Re3 Rc2 43. Bd5 Ne2 44. Kg4 Nc1 45. Ra3 Rc5 46. Be4
h5+ 47. Kf3 a5 48. Ke3 Ke7 49. Kd2 Kf6 50. Bb1 g5 51. Rf3 gxf4 52. gxf4 h4 53.
Rf1 1-0

[Event "Memorial Romana Baka OPEN FIDE"]
[Site "Starochorzowski Dom Kultury"]
[Date "2013.10.04"]
[Round "9.2"]
[White "Faron, Rafal"]
[Black "Raszka, Janusz"]
[Result "1-0"]
[WhiteElo "2021"]
[BlackElo "2192"]
[PlyCount "107"]
[EventDate "2013.??.??"]

1. d4 d5 2. c4 dxc4 3. e3 e6 4. Nf3 Nf6 5. Bxc4 a6 6. O-O c5 7. Bb3 Nc6 8. Nc3
cxd4 9. exd4 Be7 10. Bg5 O-O 11. Rc1 Nd5 12. Bxe7 Ncxe7 13. Ne5 b6 14. Nxd5
Nxd5 15. Nc6 Qd6 16. Bxd5 exd5 17. Qb3 b5 18. Qxd5 Qxd5 19. Ne7+ Kh8 20. Nxd5
Be6 21. Nc7 Rad8 22. Nxe6 fxe6 23. Rc6 Rxd4 24. Rxa6 Rd2 25. b3 Kg8 26. g3 Rc8
27. Rxe6 Rxa2 28. Rb6 Rb2 29. Rxb5 Rc3 30. Rd1 Rcxb3 31. Rd8+ Kf7 32. Rd7+ Kf6
33. Rc5 Rf3 34. Rcc7 Ke6 35. Re7+ Kd6 36. Rcd7+ Kc6 37. Rf7 Rxf7 38. Rxf7 Rb7
39. Rxb7 Kxb7 40. Kg2 Kc6 41. Kf3 Kd5 42. Kf4 Ke6 43. h4 Kf6 44. g4 Ke6 45. Ke4
h6 46. f4 Kf6 47. f5 Kf7 48. Ke5 Ke7 49. g5 hxg5 50. hxg5 Kf7 51. Kd6 Kf8 52.
Kd7 Kf7 53. Kd8 Kg8 54. Ke7 1-0

[Event "Memorial Romana Baka OPEN FIDE"]
[Site "Starochorzowski Dom Kultury"]
[Date "2013.10.04"]
[Round "9.3"]
[White "Kuciel, Wladyslaw"]
[Black "Szczecina, Kamil"]
[Result "1-0"]
[WhiteElo "1970"]
[BlackElo "1894"]
[PlyCount "56"]
[EventDate "2013.??.??"]

1. d4 Nf6 2. c4 e5 3. dxe5 Ng4 4. Bf4 g5 5. Bg3 Nc6 6. Nf3 Bg7 7. h4 Ngxe5 8.
Nxe5 Nxe5 9. e3 g4 10. h5 d6 11. Nc3 Be6 12. Be2 Qd7 13. h6 Bf6 14. Ne4 Be7 15.
c5 Qc6 16. cxd6 cxd6 17. Qd4 Qd5 18. Rd1 Qxd4 19. exd4 f5 20. dxe5 fxe4 21.
exd6 Bf6 22. b3 Bc3+ 23. Kf1 O-O 24. Rh5 Rad8 25. Rg5+ Kh8 26. Bxg4 Bf6 27.
Bxe6 Bxg5 28. d7 Bf6 1-0

[Event "Memorial Romana Baka OPEN FIDE"]
[Site "Starochorzowski Dom Kultury"]
[Date "2013.10.04"]
[Round "9.4"]
[White "Morkisz, Bogdan"]
[Black "Zawierucha, Aleksander"]
[Result "0-1"]
[WhiteElo "2134"]
[BlackElo "2008"]
[PlyCount "80"]
[EventDate "2013.??.??"]

1. e4 e6 2. d3 d5 3. Qe2 Nf6 4. g3 c5 5. Bg2 Be7 6. Nf3 O-O 7. O-O Nc6 8. Re1
b6 9. Nbd2 Ba6 10. e5 Nd7 11. c4 Nb4 12. Nf1 Bb7 13. a3 Na6 14. g4 Rb8 15. Ng3
Nc7 16. Nh5 Re8 17. Qe3 Nf8 18. Bd2 d4 19. Qf4 Ng6 20. Qg3 Bxf3 21. Bxf3 Bh4
22. Qg2 Bg5 23. Bxg5 Qxg5 24. Be4 Nxe5 25. f4 Qxg4 26. fxe5 Qxh5 27. Bc6 Rf8
28. Kh1 g6 29. Qg3 Ne8 30. Re4 Ng7 31. Rg4 Nf5 32. Qf4 Qh6 33. Rg5 Qh3 34. Bf3
b5 35. Rag1 Kg7 36. cxb5 Rxb5 37. R1g2 Rfb8 38. b4 cxb4 39. a4 Rc5 40. Be4 Qe3
0-1

[Event "Memorial Romana Baka OPEN FIDE"]
[Site "Starochorzowski Dom Kultury"]
[Date "2013.10.04"]
[Round "9.5"]
[White "Matuszczyk, Krystian"]
[Black "Pasieka, Marcin"]
[Result "1-0"]
[WhiteElo "2019"]
[BlackElo "1514"]
[PlyCount "100"]
[EventDate "2013.??.??"]

1. e4 e5 2. Nf3 Nf6 3. d3 Nc6 4. g3 Be7 5. Bg2 d6 6. O-O h6 7. c3 Be6 8. Re1
Nd7 9. h3 d5 10. d4 exd4 11. exd5 Bxd5 12. cxd4 Nb6 13. Nc3 Be6 14. b3 O-O 15.
Bb2 Nd5 16. a3 Re8 17. Qc2 Qd7 18. Kh2 Rad8 19. Rad1 Qc8 20. Ne2 Bf8 21. Ne5
Nxe5 22. dxe5 c6 23. Nd4 Ne7 24. Nxe6 Qxe6 25. f4 g6 26. g4 Bg7 27. Kh1 Rxd1
28. Qxd1 Nd5 29. Re4 Qc8 30. Qf3 f5 31. Rd4 Ne7 32. b4 Rd8 33. Qb3+ Kf8 34. Qd1
Rxd4 35. Qxd4 fxg4 36. hxg4 Qxg4 37. Qd8+ Kf7 38. Qd2 g5 39. fxg5 Qxg5 40. e6+
Kg6 41. Be4+ Nf5 42. Qxg5+ Kxg5 43. Bxf5 Bf8 44. Bh3 Kf4 45. Bf6 Kg3 46. Bg2 a5
47. bxa5 Bxa3 48. e7 Bxe7 49. Bxe7 Kf4 50. Bxc6 bxc6 1-0

[Event "Memorial Romana Baka OPEN FIDE"]
[Site "Starochorzowski Dom Kultury"]
[Date "2013.10.04"]
[Round "9.7"]
[White "Krol, Rafal"]
[Black "Lis, Mateusz"]
[Result "0-1"]
[WhiteElo "1771"]
[BlackElo "1765"]
[PlyCount "72"]
[EventDate "2013.??.??"]

1. Nf3 Nf6 2. g3 d5 3. Bg2 c5 4. O-O Nc6 5. d3 e5 6. Nbd2 Be7 7. e4 O-O 8. c3
d4 9. cxd4 cxd4 10. Nc4 Bg4 11. Qb3 Bxf3 12. Bxf3 Rb8 13. a4 Na5 14. Qb5 Nxc4
15. dxc4 Qc7 16. Bd2 a6 17. Qb3 Qc6 18. Qd3 b5 19. cxb5 axb5 20. Rfc1 Qb7 21.
a5 b4 22. Bg2 Nd7 23. a6 Qb6 24. a7 Ra8 25. Ra6 Qb7 26. Rac6 Rxa7 27. f4 Rd8
28. Qb3 Ra1 29. fxe5 Qxc6 30. Rxa1 Nxe5 31. Ra7 Bc5 32. Ra1 d3+ 33. Kh1 Ng4 34.
h3 Nf2+ 35. Kh2 Qg6 36. Bxb4 Qb6 0-1

[Event "Memorial Romana Baka OPEN FIDE"]
[Site "Starochorzowski Dom Kultury"]
[Date "2013.10.04"]
[Round "9.8"]
[White "Wiecek, Pawel"]
[Black "Klementys, Jerzy"]
[Result "1-0"]
[WhiteElo "1957"]
[BlackElo "1766"]
[PlyCount "75"]
[EventDate "2013.??.??"]

1. d4 Nf6 2. c4 g6 3. Nf3 Bg7 4. g3 O-O 5. Bg2 d6 6. O-O c5 7. Nc3 Nbd7 8. b3
a6 9. Bb2 cxd4 10. Nxd4 Rb8 11. e4 Qc7 12. Rc1 e6 13. Qd2 Ne8 14. Nd1 e5 15.
Ne2 f5 16. exf5 gxf5 17. Ne3 Ndf6 18. Nc3 Be6 19. Ncd5 Qf7 20. f4 Nh5 21. fxe5
dxe5 22. Nxf5 Bxf5 23. Rxf5 Qxf5 24. Ne7+ Kh8 25. Nxf5 Rxf5 26. g4 Rf6 27. gxh5
Bh6 28. Qd7 Bxc1 29. Be4 Be3+ 30. Kg2 Rf2+ 31. Kh3 Ng7 32. Bxe5 Rg8 33. Bxg7+
Rxg7 34. Qe8+ Rg8 35. Qe5+ Rg7 36. Bd5 h6 37. Qe8+ Kh7 38. Be4+ 1-0

[Event "Memorial Romana Baka OPEN FIDE"]
[Site "Starochorzowski Dom Kultury"]
[Date "2013.10.04"]
[Round "9.10"]
[White "Gromada, Andrzej"]
[Black "Jopek, Krzysztof"]
[Result "1-0"]
[WhiteElo "1874"]
[BlackElo "1899"]
[PlyCount "60"]
[EventDate "2013.??.??"]

1. Nf3 Nf6 2. c4 d6 3. d4 g6 4. Nc3 Bg7 5. Bg5 O-O 6. e3 h6 7. Bh4 c5 8. d5 Na6
9. Be2 Nc7 10. O-O Rb8 11. a4 g5 12. Bg3 Nh5 13. Qc2 f5 14. Rad1 Qe8 15. Bd3
Bd7 16. Nb5 Nxg3 17. Nxc7 Qd8 18. fxg3 Qxc7 19. Rf2 a6 20. Rdf1 b5 21. cxb5
axb5 22. Nd4 bxa4 23. Nxf5 Bxf5 24. Bxf5 Kh8 25. Qxa4 Rxb2 26. Bc2 Bf6 27. Qe4
Rf7 28. Qg6 Rg7 29. Qxh6+ Kg8 30. Bf5 Rf7 1-0

[Event "Memorial Romana Baka OPEN FIDE"]
[Site "Starochorzowski Dom Kultury"]
[Date "2013.10.04"]
[Round "9.11"]
[White "Bilczewski, Kacper"]
[Black "Rak, Dariusz"]
[Result "1-0"]
[WhiteElo "1781"]
[BlackElo "1885"]
[PlyCount "85"]
[EventDate "2013.??.??"]

1. e4 e5 2. Nf3 Nc6 3. Bc4 Nf6 4. d3 Bc5 5. c3 d6 6. Bb3 Bg4 7. Nbd2 O-O 8. O-O
Kh8 9. Nc4 d5 10. exd5 Nxd5 11. h3 f5 12. hxg4 fxg4 13. Nfxe5 g3 14. d4 Nxd4
15. cxd4 Qh4 16. fxg3 Bxd4+ 17. Be3 Nxe3 18. Rxf8+ Rxf8 19. gxh4 Nxd1+ 20. Kh2
Nxb2 21. Re1 g6 22. Nxb2 Bxb2 23. Nf7+ Kg7 24. Re7 Bf6 25. Rxc7 Bxh4 26. Rxb7
Bf2 27. Ne5+ Kh8 28. Nc6 Rf5 29. g4 Rg5 30. Kg2 Bc5 31. Kf3 h5 32. Be6 hxg4+
33. Bxg4 Kg8 34. Kf4 Be3+ 35. Kxe3 Rxg4 36. Rxa7 Kf8 37. a4 Ke8 38. a5 g5 39.
a6 Ra4 40. Re7+ Kf8 41. a7 g4 42. Rb7 g3 43. Rb8+ 1-0

[Event "Memorial Romana Baka OPEN FIDE"]
[Site "Starochorzowski Dom Kultury"]
[Date "2013.10.04"]
[Round "9.12"]
[White "Grabarczyk, Sylwester"]
[Black "Ochowicz, Jakub"]
[Result "1-0"]
[WhiteElo "1666"]
[BlackElo "1619"]
[PlyCount "47"]
[EventDate "2013.??.??"]

1. e4 c6 2. d4 d5 3. Nc3 dxe4 4. Nxe4 Bf5 5. Ng3 Bg6 6. Nf3 Nd7 7. Bd3 Bxd3 8.
Qxd3 e6 9. O-O Ngf6 10. c4 Bd6 11. Bg5 Qc7 12. Rac1 Bf4 13. Rc3 h6 14. Bxf6
Nxf6 15. d5 O-O-O 16. Ne2 exd5 17. Qf5+ Rd7 18. Nxf4 d4 19. Nxd4 Kb8 20. Nf3
Rhd8 21. Qe5 Rd1 22. Qxc7+ Kxc7 23. Rc1 Rxf1+ 24. Kxf1 1-0

[Event "Memorial Romana Baka OPEN FIDE"]
[Site "Starochorzowski Dom Kultury"]
[Date "2013.10.04"]
[Round "9.13"]
[White "Nowakowski, Jan"]
[Black "Kostowski, Andrzej"]
[Result "1-0"]
[WhiteElo "1675"]
[BlackElo "1684"]
[PlyCount "85"]
[EventDate "2013.??.??"]

1. e4 c5 2. Nf3 Nc6 3. d4 cxd4 4. Nxd4 d6 5. Bb5 Bd7 6. Nxc6 Bxc6 7. Bxc6+ bxc6
8. O-O Nf6 9. Qf3 g6 10. a3 Bg7 11. e5 dxe5 12. Qxc6+ Kf8 13. Nc3 a6 14. Rd1
Qc8 15. Qa4 h6 16. h3 Kg8 17. Qb4 Qe6 18. Ne4 Nxe4 19. Qxe4 Kh7 20. Qd5 Qf5 21.
c3 e6 22. Qd3 Qh5 23. Qf1 Rhb8 24. Rb1 a5 25. b4 e4 26. c4 Bf8 27. Bf4 Rd8 28.
Rxd8 Rxd8 29. Bc7 Rd3 30. b5 Bd6 31. Bxd6 Rxd6 32. b6 Rd8 33. b7 Rb8 34. Qe1
Qc5 35. Qxe4 Qxa3 36. Qf4 Qf8 37. c5 g5 38. Qe4+ Kg8 39. c6 Qd6 40. Qc4 Qc7 41.
Qb5 Rd8 42. b8=Q Rxb8 43. Qxb8+ 1-0

[Event "Memorial Romana Baka OPEN FIDE"]
[Site "Starochorzowski Dom Kultury"]
[Date "2013.10.04"]
[Round "9.14"]
[White "Korcz, Daniel"]
[Black "Kotula, Magdalena"]
[Result "1-0"]
[WhiteElo "1795"]
[BlackElo "1563"]
[PlyCount "51"]
[EventDate "2013.??.??"]

1. e4 c5 2. Nf3 Nc6 3. d4 cxd4 4. Nxd4 Nf6 5. Nc3 e5 6. Ndb5 d6 7. a4 a6 8. Na3
Be7 9. Bc4 O-O 10. O-O Kh8 11. Kh1 Bg4 12. f3 Be6 13. Be3 Nh5 14. Qd2 Qc8 15.
Nd5 Bxd5 16. Bxd5 Qd8 17. Nc4 Bh4 18. Bxc6 bxc6 19. Qxd6 Qxd6 20. Nxd6 Rad8 21.
Rfd1 Rd7 22. Nc4 Rxd1+ 23. Rxd1 Bf6 24. g3 Re8 25. Rd7 Kg8 26. Na5 1-0

[Event "Memorial Romana Baka OPEN FIDE"]
[Site "Starochorzowski Dom Kultury"]
[Date "2013.10.04"]
[Round "9.15"]
[White "Stemplewski, Kamil"]
[Black "Mandla, Maciej"]
[Result "1-0"]
[WhiteElo "1505"]
[BlackElo "1673"]
[PlyCount "71"]
[EventDate "2013.??.??"]

1. e4 d6 2. d4 Nf6 3. Nc3 g6 4. f3 Bg7 5. Be3 c6 6. Qd2 b5 7. a3 Nbd7 8. g4 Nb6
9. Bh6 Bxh6 10. Qxh6 e5 11. O-O-O Qe7 12. d5 a6 13. dxc6 Kd8 14. Nd5 Nbxd5 15.
exd5 e4 16. Qe3 Re8 17. g5 Nh5 18. Bg2 f5 19. fxe4 fxe4 20. Nh3 Ng7 21. Nf2 Nf5
22. Qb6+ Qc7 23. Qxc7+ Kxc7 24. Bxe4 a5 25. Rde1 Nd4 26. h4 b4 27. a4 Ba6 28.
Bd3 Bxd3 29. Nxd3 b3 30. c3 Nf3 31. Rxe8 Rxe8 32. Rf1 Re3 33. Nf4 Nxh4 34. Ne6+
Rxe6 35. dxe6 Nf5 36. Rxf5 1-0

[Event "Memorial Romana Baka OPEN FIDE"]
[Site "Starochorzowski Dom Kultury"]
[Date "2013.10.04"]
[Round "9.16"]
[White "Cieraszewski, Piotr"]
[Black "Domanski, Lukasz"]
[Result "0-1"]
[WhiteElo "1917"]
[BlackElo "1587"]
[PlyCount "56"]
[EventDate "2013.??.??"]

1. d4 d5 2. c4 c6 3. Nf3 Nf6 4. Nc3 e6 5. Bg5 dxc4 6. e3 b5 7. a4 Bb4 8. axb5
cxb5 9. Ne5 Bb7 10. f3 Nbd7 11. Qc2 a6 12. Be2 O-O 13. O-O h6 14. Bh4 Qb6 15.
Nxd7 Nxd7 16. Bf2 Qc7 17. Ne4 Rac8 18. Rfc1 Qd8 19. Nc3 Qe7 20. Qd1 Rfd8 21.
Qf1 e5 22. e4 exd4 23. Bxd4 Ne5 24. Nd5 Bxd5 25. exd5 Rxd5 26. Rd1 Rxd4 27.
Rxd4 Bc5 28. Rad1 Nc6 0-1

[Event "Memorial Romana Baka OPEN FIDE"]
[Site "Starochorzowski Dom Kultury"]
[Date "2013.10.04"]
[Round "9.17"]
[White "Grzesiek, Wiktoria"]
[Black "Wojkowski, Mariusz"]
[Result "0-1"]
[WhiteElo "1434"]
[BlackElo "1358"]
[PlyCount "52"]
[EventDate "2013.??.??"]

1. e4 Nc6 2. Nf3 b6 3. Bc4 Na5 4. Qe2 Nxc4 5. Qxc4 e6 6. O-O Be7 7. d4 a5 8.
Rd1 Nf6 9. Qd3 Bb7 10. Nc3 O-O 11. a3 b5 12. d5 b4 13. axb4 axb4 14. Rxa8 Qxa8
15. Nb5 c6 16. Nc7 Qa5 17. d6 Bd8 18. e5 Nd5 19. Nxd5 cxd5 20. Be3 f5 21. Qd4
Ba6 22. Rc1 Qb5 23. Nd2 f4 24. Qc5 fxe3 25. Qxb5 exd2 26. Rd1 Bxb5 0-1

[Event "Memorial Romana Baka OPEN FIDE"]
[Site "Starochorzowski Dom Kultury"]
[Date "2013.10.04"]
[Round "9.18"]
[White "Lendla, Janusz"]
[Black "Sobek, Piotr"]
[Result "1-0"]
[WhiteElo "1698"]
[BlackElo "1840"]
[PlyCount "163"]
[EventDate "2013.??.??"]

1. d4 Nf6 2. c4 e6 3. Nf3 Be7 4. Nc3 d5 5. Bg5 c6 6. e3 Nbd7 7. Rc1 h6 8. Bh4
Qb6 9. Qc2 c5 10. cxd5 cxd4 11. dxe6 dxc3 12. exd7+ Bxd7 13. bxc3 Rc8 14. Qb3
Qe6 15. Nd4 Qe4 16. Bg3 O-O 17. Qc2 Qd5 18. Qb3 Qe4 19. Ne2 Ba4 20. Qb2 Nd7 21.
Nf4 Nc5 22. Be2 Bd6 23. O-O Qf5 24. c4 Bxf4 25. Bxf4 Bc6 26. Rcd1 Rfe8 27. h3
Qg6 28. f3 Rcd8 29. Rxd8 Rxd8 30. e4 Ne6 31. Be3 a6 32. Qe5 Re8 33. Qc3 Ng5 34.
Kh1 Ne6 35. Bd3 Qg3 36. Qd2 Nf8 37. Bf4 Qh4 38. Bd6 Ng6 39. c5 Qf6 40. Bc4 Rd8
41. Qe3 Re8 42. Qb3 Nh8 43. Re1 Qh4 44. Rd1 Bd7 45. Kh2 Bc8 46. Rd4 Bxh3 47.
Bg3 Qf6 48. e5 Rxe5 49. Kxh3 Rxc5 50. Rd5 Rc6 51. Bd3 Rc3 52. Rd8+ Qxd8 53.
Qxc3 Ng6 54. Qb3 Qd7+ 55. Kh2 Nf8 56. Be4 b5 57. Qd5 Qa7 58. Qd8 Qd7 59. Qxd7
Nxd7 60. Bb7 Nc5 61. Bc8 a5 62. Bd6 Na4 63. Bc7 Nc3 64. Bxa5 Nxa2 65. Ba6 b4
66. Bc4 Nc3 67. Bxb4 Nd1 68. Kg3 Ne3 69. Bd3 Nd5 70. Bc5 Nf6 71. Kf4 Nd7 72.
Be7 Nb6 73. Ke5 Nd7+ 74. Kd6 Nf8 75. Bxf8 Kxf8 76. g4 Ke8 77. f4 Kf8 78. Kd7 g6
79. Bc4 Kg7 80. Ke7 f6 81. Bf7 g5 82. f5 1-0